| 000 | 00500nam a2200181 i 4500 | ||
|---|---|---|---|
| 001 | 50744 | ||
| 003 | ES-MaACL | ||
| 005 | 20230906162230.0 | ||
| 007 | t| | ||
| 008 | 030806s1927 fr ||||1| fre d | ||
| 100 | 1 |
_aChaliapine, Fiodor. _937817 |
|
| 245 | 1 | 0 |
_aPages de ma vie / _cFiodor Chaliapine ; traduit du russe par H. Pernot. |
| 250 | _a3eme ed. | ||
| 260 |
_aParis : _bPlon, _c1927. |
||
| 300 |
_a256 p. : _b1 retr. ; _c19 cm. |
||
| 700 | 1 |
_aPernot, H. _991306 |
|
| 852 |
_aES-MaACL _jA-2115 |
||
| 999 |
_c50744 _d50744 |
||